2016 NASCAR Sprint Cup Series Drivers - Statistics

General Stats
  • This quiz has been taken 44 times
  • The average score is 31 of 42
Answer Stats
# Team Answer % Correct
41 Stewart-Haas Racing Kurt Busch
96%
18 Joe Gibbs Racing Kyle Busch
96%
11 Joe Gibbs Racing Denny Hamlin
92%
22 Team Penske Joey Logano
92%
4 Stewart-Haas Racing Kevin Harvick
92%
78 Furniture Row Racing Martin Truex Jr
92%
2 Team Penske Brad Keselowski
88%
24 Hendrick Motorsports Chase Elliott
88%
10 Stewart-Haas Racing Danica Patrick
88%
1 Chip Ganassi Racing Jamie McMurray
88%
48 Hendrick Motorsports Jimmie Johnson
88%
21^ Wood Brothers Racing Ryan Blaney
88%
31 Richard Childress Racing Ryan Newman
88%
14 Stewart-Haas Racing Tony Stewart
88%
3 Richard Childress Racing Austin Dillon
85%
13 Germain Racing Casey Mears
85%
88 Hendrick Motorsports Dale Earnhardt Jr
85%
32* Go Fas Racing Jeffrey Earnhardt
85%
5 Hendrick Motorsports Kasey Kahne
85%
42 Chip Ganassi Racing Kyle Larson
85%
20 Joe Gibbs Racing Matt Kenseth
85%
95* Leavine Family Racing Ty Dillon
85%
19 Joe Gibbs Racing Carl Edwards
81%
47 JTG Daughtery Racing AJ Allmendinger
77%
15 HScott Motorsports Clint Bowyer
77%
16 Roush Fenway Racing Greg Biffle
77%
95* Leavine Family Racing Michael McDowell
77%
17 Roush Fenway Racing Ricky Stenhouse Jr
77%
43 Richard Petty Motorsports Aric Almirola
73%
34 Front Row Motorsports Chris Buescher
73%
23 BK Racing David Ragan
69%
27 Richard Childress Racing Paul Menard
69%
6 Roush Fenway Racing Trevor Bayne
69%
44 Richard Petty Motorsports Brian Scott
54%
83 BK Racing Matt Dibenedetto
54%
7 Tommy Baldwin Racing Regan Smith
54%
46 HScott Motorsports Michael Annett
50%
98 Premium Motorsports Cole Whitt
46%
30* Circle Sport Racing Josh Wise
42%
38 Front Row Motorsports Landon Cassill
38%
55* Premium Motorsports Reed Sorenson
31%
93* BK Racing Ryan Ellis
12%
No matching quizzes found
Score Distribution
Percent of People with Each Score
Percentile by Number Answered
Your Score History
You have not taken this quiz